[Event "AUTO-INT-2651"]
[Site "http://www.queenalice.com/game.php?id=1227264"]
[Date "2013.10.25"]
[Round "2"]
[White "helderdinizcp"]
[Black "Betim_Xadrez"]
[Result "0-1"]
[WhiteElo "1699"]
[BlackElo "1963"]

1. e4 e5 2. Nf3 Nc6 3. Bc4 Bc5 4. d3 Nf6 5. h3 O-O 6. Nc3 d6 7. a3 b6 8. O-O Re8
9. Be3 Bxe3 10. fxe3 Be6 11. b3 Bxc4 12. bxc4 a6 0-1

[Event "AUTO-INT-2651"]
[Site "http://www.queenalice.com/game.php?id=1227265"]
[Date "2013.10.25"]
[Round "2"]
[White "Antoniel_Barbosa"]
[Black "helderdinizcp"]
[Result "1-0"]
[WhiteElo "2219"]
[BlackElo "1692"]

1. e4 c5 2. Nc3 d6 3. f4 Nc6 4. Bb5 Bd7 5. Nf3 e5 6. Bxc6 Bxc6 7. Ng5 g6 8. O-O
Bh6 9. d3 f6 10. Ne6 Qe7 11. Nd5 Bxd5 12. exd5 b5 13. a4 1-0

[Event "AUTO-INT-2651"]
[Site "http://www.queenalice.com/game.php?id=1227266"]
[Date "2013.10.25"]
[Round "2"]
[White "helderdinizcp"]
[Black "Antoniel_Barbosa"]
[Result "0-1"]
[WhiteElo "1694"]
[BlackElo "2218"]

1. e4 e5 2. Nf3 Nc6 3. Bc4 d6 4. h3 Be7 5. d3 Nf6 6. Nc3 O-O 7. O-O Na5 8. Nd5
Nxc4 9. dxc4 Nxe4 10. b4 f5 11. Bb2 a5 12. b5 Be6 13. Re1 c6 0-1

[Event "AUTO-INT-2654"]
[Site "http://www.queenalice.com/game.php?id=1227657"]
[Date "2013.10.27"]
[Round "2"]
[White "Admilton"]
[Black "helderdinizcp"]
[Result "1-0"]
[WhiteElo "1627"]
[BlackElo "1695"]

1. Nf3 c5 2. e3 Nc6 3. c4 e5 4. d3 d6 5. h3 Be6 6. a3 f5 7. Qb3 b6 8. Nbd2 Nf6
9. Ng5 Bd7 10. Qc3 h6 11. Ngf3 g5 12. b4 1-0

[Event "AUTO-INT-2654"]
[Site "http://www.queenalice.com/game.php?id=1227661"]
[Date "2013.10.27"]
[Round "2"]
[White "josedesouza"]
[Black "helderdinizcp"]
[Result "0-1"]
[WhiteElo "1534"]
[BlackElo "1722"]

1. d4 d5 2. Nf3 Nf6 3. e3 Bf5 4. Nbd2 e6 5. c3 a6 6. b4 b5 7. a4 c6 8. a5 Bd6 9.
Bb2 h6 10. g3 Ne4 11. Bg2 g5 12. O-O f6 13. Re1 e5 14. dxe5 fxe5 15. Qc2 Nxg3
16. Qd1 Ne4 17. c4 Qf6 18. cxb5 g4 19. Bxe5 Bxe5 20. Nxe5 Nxf2 21. Qe2 Nh3+ 22.
Bxh3 gxh3 23. Ndf3 Be4 24. Rf1 cxb5 25. Rf2 Nc6 26. Qd1 Nxe5 27. Nd4 Rg8+ 28.
Kf1 Bg2+ 29. Ke2 Qh4 30. Qe1 Qg4+ 31. Nf3 Qc4+ 32. Kd1 Qd3+ 33. Qd2 Bxf3+ 34.
Kc1 Rg1+ 35. Kb2 Nc4+ 0-1

[Event "OS INCLIVEIS"]
[Site "http://www.queenalice.com/game.php?id=1351451"]
[Date "2015.4.3"]
[Round "-"]
[White "adelio"]
[Black "helderdinizcp"]
[Result "0-1"]
[WhiteElo "1737"]
[BlackElo "1730"]

1. d4 d5 2. e4 c6 3. e5 c5 4. c3 Nc6 5. Be2 Bf5 6. g4 Bg6 7. Nf3 h6 8. Nh4 Be4
9. f3 Bh7 10. g5 hxg5 11. Bxg5 f6 12. exf6 gxf6 13. Bc1 Bxb1 14. Rxb1 Rxh4 15.
Be3 Qd6 16. f4 f5 17. Rg1 Nh6 18. Bh5+ Kd8 19. Rg6 Qd7 20. Qe2 cxd4 21. cxd4 Ng4
22. Rg8 Rxh2 23. Qb5 Qe6 24. Rxf8+ Kc7 25. Bxg4 Qxe3+ 26. Be2 Rh1# 0-1

[Event "Challenge"]
[Site "http://www.queenalice.com/game.php?id=1351915"]
[Date "2015.4.5"]
[Round "-"]
[White "JORAM2205"]
[Black "helderdinizcp"]
[Result "1-0"]
[WhiteElo "1753"]
[BlackElo "1717"]

1. e4 c5 2. Bc4 Nc6 3. Nf3 e5 4. d3 h6 5. Nc3 Nf6 6. Be3 d6 7. h3 g5 8. Bd5 Bd7
9. Bc4 a6 10. Nh2 Bg7 11. Ng4 Bxg4 12. hxg4 O-O 13. Qd2 Nxg4 14. Nd5 Nxe3 15.
Nxe3 Ne7 16. Nf5 Nxf5 17. exf5 d5 18. Bb3 b5 19. a4 c4 20. Ba2 Kh7 21. a5 e4 22.
d4 Qf6 23. g4 Qxd4 24. Qe2 Qxb2 25. O-O Qe5 26. Rad1 Qb2 27. Bb1 Qa3 28. Rxd5
Rfe8 29. Rfd1 Bc3 30. f6 Bxf6 31. Rf5 Kg7 32. Rd4 Bxd4 33. Rd5 Qc1+ 34. Kg2 Rad8
35. Rf5 Bc3 36. Ba2 1-0

[Event "Challenge"]
[Site "http://www.queenalice.com/game.php?id=1357362"]
[Date "2015.5.4"]
[Round "-"]
[White "Magogue"]
[Black "helderdinizcp"]
[Result "0-1"]
[WhiteElo "805"]
[BlackElo "1691"]

1. e4 c5 2. Nf3 Nc6 3. d4 d6 4. dxc5 Qa5+ 5. Nc3 Qxc5 6. Nb5 Ne5 7. Nxe5 dxe5 8.
b3 Bd7 9. Ba3 Qb6 10. Nc3 Qa5 11. Bb2 e6 12. a3 Qc7 13. Bd3 Nf6 14. O-O Bd6 15.
Re1 g6 0-1

[Event "Challenge"]
[Site "http://www.queenalice.com/game.php?id=1357363"]
[Date "2015.5.4"]
[Round "-"]
[White "helderdinizcp"]
[Black "Magogue"]
[Result "1-0"]
[WhiteElo "1689"]
[BlackElo "807"]

1. e4 e5 2. Nf3 Nc6 3. Bc4 Be7 4. d3 Bc5 5. O-O d6 6. Ng5 Nh6 7. Nd2 Qxg5 8. Nf3
Qf6 9. c3 Bg4 10. b4 Bb6 11. Bg5 1-0

[Event "AUTO-ADV-3409"]
[Site "http://www.queenalice.com/game.php?id=1358662"]
[Date "2015.5.10"]
[Round "1"]
[White "xmballd"]
[Black "helderdinizcp"]
[Result "1-0"]
[WhiteElo "1938"]
[BlackElo "1702"]

1. d4 d5 2. c4 Nf6 3. cxd5 Nxd5 4. e4 Nb6 5. Nf3 g6 6. Be2 Bg7 7. O-O Nc6 8. Be3
e5 9. d5 Nd4 10. Nxd4 exd4 11. Bxd4 Bxd4 12. Qxd4 O-O 13. Nc3 c6 14. Rfd1 Qg5
15. dxc6 bxc6 16. Qd6 1-0

[Event "AUTO-ADV-3409"]
[Site "http://www.queenalice.com/game.php?id=1358674"]
[Date "2015.5.10"]
[Round "1"]
[White "BlackKnight72"]
[Black "helderdinizcp"]
[Result "1-0"]
[WhiteElo "1630"]
[BlackElo "1611"]

1. d4 d5 2. Nf3 Nc6 3. e3 b6 4. Be2 Bb7 5. a3 Nf6 6. b4 e6 7. Bb2 Bd6 8. O-O h6
9. Nbd2 e5 10. dxe5 Nxe5 11. Nxe5 O-O 12. Nef3 Re8 13. Rc1 c5 14. bxc5 bxc5 15.
Nb3 c4 16. Nbd4 Qb6 17. Rb1 Rab8 18. Nf5 Bc7 19. Bd4 1-0

[Event "AUTO-ADV-3409"]
[Site "http://www.queenalice.com/game.php?id=1358675"]
[Date "2015.5.10"]
[Round "1"]
[White "helderdinizcp"]
[Black "BlackKnight72"]
[Result "0-1"]
[WhiteElo "1693"]
[BlackElo "1664"]

1. e4 c6 2. d4 d5 3. Nc3 dxe4 4. Nxe4 Bf5 5. Bd3 Bg6 6. f4 h6 7. Nf3 Nd7 8. c4
e6 9. c5 Ngf6 10. Nfd2 Be7 11. Qb3 Rb8 12. O-O O-O 13. Nxf6+ Nxf6 14. Bxg6 Qxd4+
15. Kh1 fxg6 16. f5 Qd5 17. Qxd5 exd5 18. Nf3 g5 19. Ne5 Bxc5 0-1

[Event "AUTO-ADV-3409"]
[Site "http://www.queenalice.com/game.php?id=1358680"]
[Date "2015.5.10"]
[Round "1"]
[White "elisangela"]
[Black "helderdinizcp"]
[Result "1-0"]
[WhiteElo "1772"]
[BlackElo "1746"]

1. e3 e5 2. a3 d5 3. b4 Bd6 4. Bb2 Nf6 5. h3 c5 6. bxc5 Bxc5 7. Bxe5 Nbd7 8. Bb5
a6 9. Bxd7+ Nxd7 10. Bb2 b5 11. g3 Bb7 12. d4 1-0